Normal view
MARC view
- Stuart, Sarah Anne
Entry Personal Name
001 - CONTROL NUMBER
- control field: 15532
003 - CONTROL NUMBER IDENTIFIER
- control field: OSt
005 - DATE AND TIME OF LATEST TRANSACTION
- control field: 20260206122913.0
008 - FIXED-LENGTH DATA ELEMENTS
- fixed length control field: 260206|| aca||aabn | a|a d
040 ## - CATALOGING SOURCE
- Original cataloging agency: OSt
- Transcribing agency: OSt
100 ## - HEADING--PERSONAL NAME
- Personal name: Stuart, Sarah Anne
670 ## - SOURCE DATA FOUND
- Source citation: Work cat.: (OSt)6111: Stuart, Sarah Anne, A treasury of poems :, c1996.